000 00892nam a22002897a 4500
003 CHAP
005 20220329135143.0
008 971013s1940 r 00010 d
010 _a31807
011 _a32779
035 _a36894
040 _cCHAP
082 _a664.1
_bL66
100 0 0 _aLópez Ferrer, F. A.
_967868
245 _aManual práctico de maquinaria y aparatos en los ingenios de azúcar de caña
260 _aLa habana :
_bCultural,
_c1940
300 _a311 p.
_b: ilus.
590 _aBATCH-UPD
_b10
_c20130110
_lUCH01
_h0836
590 _aBATCH-UPD
_b10
_c20130410
_lUCH01
_h0514
590 _aBATCH-UPD
_b10
_c20130914
_lUCH01
_h0510
590 _aCONVERSION
_b10
_c20130109
_lUCH01
_h1318
650 1 4 _aAzúcar
_xMaquinaria.
_99162
650 1 4 _aIngenios azucareros.
_958308
901 _aBK
942 _cLIBRO
949 _a664.1 L66
_bBC
_cBPP
_d-84804
_eBPP
_h50134
_i36894
_mD
_si
999 _c31807
_d31807